| 000 | 00517nam a2200169Ia 4500 | ||
|---|---|---|---|
| 008 | 140529s9999 xx 000 0 und d | ||
| 020 | _a9789715849241 | ||
| 050 |
_aB 72 _b.Si57 2011 |
||
| 100 | _aSiringan, Hector S. | ||
| 245 |
_aPhilosophy of the human person / _cHector S. Siringin |
||
| 260 |
_aQuezon City, Philippines : _bC & E Publishing, _cc2011. |
||
| 300 |
_a271 p. ; _c22 cm. |
||
| 500 | _aIncludes bibliographical references and index. | ||
| 521 | _aGE | ||
| 942 |
_kLOC _cBK |
||
| 999 |
_c117732 _d117732 |
||